000 00654nam a22001697a 4500
003 NUST
038 _aNusrat Nadeem
082 _a200
100 _aShah, Syed Hassan Ahmed
_9120292
245 _aOptimal wireless power transfer to hybrid energy storage system for electric vehicles: A comparative analysis of machine learning-based model-free controllers/
_cSyed Hassan Ahmed Shah,
264 _aIslamabad,
_bSEECS NUST,
_c2023.
300 _aill,
_b57,p:
_c30,cm.
650 _aMS-Electrical Engineering
_923567
700 _aSupervisor: Dr. Iftikhar Ahmad
_997150
856 _uhttp://10.250.8.41:8080/xmlui/handle/123456789/38480
942 _2ddc
_cSC
999 _c607654
_d607654